[Event "anyone for tennis (I mean chess of course)"]
[Site "SchemingMind.com"]
[Date "2014.01.20"]
[Round "-"]
[White "Phillip Beckett"]
[Black "thefriediceman"]
[Result "0-1"]
[WhiteCountry "ENG"]
[BlackCountry "USA"]
[WhiteElo "1562"]
[WhiteRD "50"]
[BlackElo "2013"]
[BlackRD "89"]
[GameID "345991"]

1. e4 e5 2. Nf3 Nc6 3. Bb5 a6 4. Bxc6 dxc6 5. d4 exd4 6. Qxd4 Qxd4 7. Nxd4 Bd7 8. Be3 O-O-O 9. Nd2 Ne7 10. f3 c5
11. N4b3 b6 12. O-O-O Nc6 13. Nc4 Be7 14. Bf4 Be6 15. Ne3 c4 16. Nd2 b5 17. c3 Bc5 18. Nb1 Ne7 19. Rxd8+ Rxd8 20. Rd1 c6
21. Rxd8+ Kxd8 22. Nf1 Ng6 23. Be3 Bd6 24. Ng3 Nh4 25. Nh5 Nxg2 26. Bd2 g6 27. Ng3 Nh4 28. Bg5+ Be7 29. Bxh4 Bxh4 30. Nd2 Ke7
31. Ndf1 Kf6 32. Kd2 Ke5 33. Ke3 Bg5+ 34. Ke2 Bc1 35. b4 cxb3 36. axb3 Bxb3 37. Ne3 Bxe3 38. Kxe3 a5
0-1

[Event "anyone for tennis (I mean chess of course)"]
[Site "SchemingMind.com"]
[Date "2014.01.19"]
[Round "-"]
[White "Scooter"]
[Black "thefriediceman"]
[Result "0-1"]
[WhiteCountry "USA"]
[BlackCountry "USA"]
[WhiteElo "1674"]
[WhiteRD "49"]
[BlackElo "2013"]
[BlackRD "89"]
[GameID "345992"]

1. d4 d5 2. Nf3 e6 3. Bg5 Be7 4. Bxe7 Qxe7 5. c3 Nf6 6. e3 O-O 7. Be2 b6 8. O-O Nbd7 9. Nbd2 c5 10. h3 Bb7
11. Ne5 Rfc8 12. Bb5 Rc7 13. Nxd7 Nxd7 14. Bxd7 Qxd7 15. Nf3 cxd4 16. exd4 Qd6 17. Re1 b5 18. Ne5 b4 19. Re3 bxc3 20. Rxc3 Rxc3
21. bxc3 f6 22. Nd3 Bc8 23. Nc5 g6 24. Rb1 Rb8 25. Rxb8 Qxb8 26. Qa4 Kf7 27. Qb3 Qc7 28. a4 Ke7 29. Qb5 Qb6 30. Qxb6 axb6
31. Nd3 Bd7 32. Nb2 e5 33. f3 Ke6 34. g4 h5 35. Kg2 hxg4 36. fxg4 e4 37. Kg3 Kf7 38. Kf4 g5+ 39. Kg3 Kg6 40. c4 Bc6
41. c5 bxc5 42. dxc5 f5 43. gxf5+ Kxf5 44. a5 Bb5 45. Nd1 d4 46. h4 gxh4+ 47. Kxh4 e3 48. Kg3 e2
0-1

[Event "anyone for tennis (I mean chess of course)"]
[Site "SchemingMind.com"]
[Date "2014.01.20"]
[Round "-"]
[White "kenneth m day"]
[Black "thefriediceman"]
[Result "0-1"]
[WhiteCountry "USA"]
[BlackCountry "USA"]
[WhiteElo "1756"]
[WhiteRD "49"]
[BlackElo "2004"]
[BlackRD "85"]
[GameID "345993"]

1. e4 e5 2. f4 exf4 3. Nf3 d6 4. h4 Nf6 5. Nc3 Bg4 6. Be2 Be7 7. d3 Nh5 8. Nd5 Ng3 9. Rh2 Nxe2 10. Qxe2 Bxf3
11. Qxf3 Bxh4+ 12. Rxh4 Qxh4+ 13. Ke2 Qd8 14. Bxf4 Nd7 15. Qg3 Rg8 16. Rh1 Nb6 17. Rxh7 Nxd5 18. exd5 Qf6 19. c3 O-O-O 20. Kd2 Rde8
21. Bg5 Qe5 22. Qxe5 Rxe5 23. Be3 Rxd5 24. c4 Rf5 25. g4 Rf6 26. g5 Rg6 27. Kc3 f6 28. gxf6 gxf6 29. Rf7 R8g7 30. Rf8+ Kd7
31. Bd4 Ke6 32. Bxa7 b6 33. Bb8 Kd7 34. Ba7 Kc6 35. b4 Kb7 36. Bxb6 Kxb6 37. a4 Rg8 38. a5+ Kb7 39. Rf7 Ra8 40. c5 dxc5
0-1

[Event "anyone for tennis (I mean chess of course)"]
[Site "SchemingMind.com"]
[Date "2014.01.20"]
[Round "-"]
[White "Simon Green"]
[Black "thefriediceman"]
[Result "0-1"]
[WhiteCountry "ENG"]
[BlackCountry "USA"]
[WhiteElo "1587"]
[WhiteRD "53"]
[BlackElo "2013"]
[BlackRD "89"]
[GameID "345994"]

1. d4 d5 2. e3 e6 3. Bd3 c5 4. c3 Nc6 5. f4 Nf6 6. Nf3 b6 7. O-O Bb7 8. Qe1 Be7 9. Nbd2 Qc7 10. Ne5 Nd7
11. Qg3 g6 12. Ndf3 Ncxe5 13. fxe5 O-O-O 14. Bd2 c4 15. Bc2 h6 16. Rae1 Rdf8 17. e4 g5 18. exd5 Bxd5 19. Be4 Qc6 20. h3 Bxe4
21. Nh2 Bg6 22. Ng4 b5 23. Nf6 Nxf6 24. exf6 Bd6 25. Qf3 Qxf3 26. Rxf3 Re8 27. g4 e5 28. dxe5 Rxe5 29. Rfe3 Rhe8 30. Rxe5 Rxe5
31. Rxe5 Bxe5 32. Be3 a6 33. Bd4 Bf4 34. b4 Kd7 35. Kf2 Ke6
0-1

[Event "anyone for tennis (I mean chess of course)"]
[Site "SchemingMind.com"]
[Date "2014.01.20"]
[Round "-"]
[White "bobbassbone"]
[Black "thefriediceman"]
[Result "0-1"]
[WhiteCountry "ENG"]
[BlackCountry "USA"]
[WhiteElo "1643"]
[WhiteRD "70"]
[BlackElo "2013"]
[BlackRD "89"]
[GameID "345995"]

1. d4 d5 2. Bf4 e6 3. e3 c5 4. c3 Nc6 5. Bd3 Nf6 6. h3 b6 7. Nf3 Bb7 8. Nbd2 Be7 9. Qc2 h6 10. O-O-O c4
11. Be2 b5 12. a3 a5 13. Ne5 Qb6 14. Ndf3 Ne4 15. Nd2 Nxf2 16. Bh5 Nxe5 17. Bxe5 Nxd1 18. Kxd1 O-O 19. Rf1 f5 20. Rf3 Bd6
21. Bxd6 Qxd6 22. Rf2 Bc6 23. Be2 b4 24. axb4 axb4 25. Bf3 Ra1+ 26. Ke2 b3
0-1

[Event "anyone for tennis (I mean chess of course)"]
[Site "SchemingMind.com"]
[Date "2014.01.20"]
[Round "-"]
[White "Sahajaxx"]
[Black "thefriediceman"]
[Result "1/2-1/2"]
[WhiteCountry "ENG"]
[BlackCountry "USA"]
[WhiteElo "1989"]
[WhiteRD "92"]
[BlackElo "2013"]
[BlackRD "89"]
[GameID "345996"]

1. d4 d5 2. Nf3 e6 3. Bg5 Be7 4. Bxe7 Qxe7 5. a3 Nf6 6. e3 O-O 7. Bd3 Nbd7 8. O-O c5 9. c3 b6 10. Nbd2 Bb7
11. Rc1 Rac8 12. dxc5 Nxc5 13. Bb1 Ba6 14. Re1 Nd3 15. Bxd3 Bxd3 16. Ne5 Bb5 17. a4 Ba6 18. Ndf3 Ne4 19. Ra1 f6 20. Nd3 Bxd3
21. Qxd3 Nc5 22. Qc2 Qc7 23. Nd4 Qd7 24. Red1 Qe7 25. a5 Ra8 26. c4 dxc4 27. axb6=
1/2-1/2